| 000 | 01537cab a2200217 4500 | ||
|---|---|---|---|
| 001 | ABS50906 | ||
| 008 | 090401t1994 xxu||||| |||| 00| 0 eng d | ||
| 035 | _a(Sirsi) u989 | ||
| 041 | 0 | _aeng | |
| 245 | 0 | 0 | _aEstates Governors of Alleyn's College of God's Gift at Dulwich v Williams and another |
| 260 | _c1994 | ||
| 350 | _a0 | ||
| 490 | 0 |
_aEstates Gazette _v(1994) 23 EG 127-130(4) |
|
| 520 | _aChD, 14 January 1994. In 1974 an order under Leasehold Reform Act 1967 s19 approved a scheme conferring powers of management on the applicant estate governors (G). This scheme prohibited erection of any new structure, visible at ground level, beyond the boundaries of an enfranchised property without prior approval of G. In 1992 owners of a detached house (W) sought G's consent to construct a 2-car detached garage at the front of the property. At arbitration it was held that the garage would be visible beyond the property boundaries but that G's decision was unreasonable. G appealed on the grounds that the arbitrator had applied the wrong test in making his award. Application allowed, award remitted to the arbitrator on the grounds that they were not entitled to hold on the reasonableness of the case. | ||
| 650 | 2 | 4 | _aALLEYN'S COLLEGE OF GOD'S GIFT AT DULWICH'S ESTATES GOVERNERS V WILLIAMS AND ANOTHER |
| 650 | 2 | 4 | _aLEASEHOLD REFORM ACT 1967 S9 |
| 651 | 4 |
_aEngland and Wales _y1543- |
|
| 690 | _aPROPERTY-RESIDENTIAL PROPERTY-RESIDENTIAL PROPERTY TENURE-LEASEHOLD RESIDENTIAL PROPERTY | ||
| 942 | _n0 | ||
| 948 | _c04/03/1997 | ||
| 999 |
_c551 _d551 |
||